Responses for Show #6452 - Tuesday, October 9, 2012

Stephanie Jass game 2.

Contestants

[<< previous game]

Amanda Burton, a graduate student of library science from Chillicothe, Ohio

Martha Warren, an opera singer and voice teacher from Boxborough, Massachusetts

Stephanie Jass, a history professor from Milan, Michigan (whose 1-day cash winnings total $17,000)

[next game >>]

Jeopardy! Round responses

THERE'S AN ANIMAL ON YOUR CAR
GENERAL FOOD
I'M GETTING EMOTIONAL HERE
LITERARY CROSSWORD CLUES "G"
LONDON CAN TAKE IT
GOIN' COUNTRY
    $200 2
a Mustang

Martha
    $200 8
cereal

Stephanie
    $200 21
shy

Stephanie
    $200 1
Grimm

Martha
    $200 14
blitz

Martha
    $200 26
Johnny Cash

Amanda
    $400 3
a Dodge

Stephanie
    $400 9
(Stephanie: What is a pip? It's not right.)

a nut

Stephanie
Triple Stumper
    $400 22
happy hour

Martha
    $400 4
Galahad

Stephanie
    $400 15
(Martha: What is the gunpowder revolution?)

the great London fire

StephanieMartha
    $400 27
Billy Ray Cyrus

Stephanie
    $600 11
Ferrari

Stephanie
    $600 10
chuck

Amanda
    $600 23
anger

Stephanie
    $600 5
Gertrude

Stephanie
    $600 16
the (bubonic) plague

Stephanie
    $600 28
Garth Brooks

Amanda
    $800 19
(Alex: Notice the spelling of car - C double A-R - [*] double A in [*].)

Saab

Triple Stumper
    $800 12
a larder

Amanda
    $800 24
loathing

Stephanie
    $1,000 6
Grendel

Stephanie
    $800 17
the tube (or underground)

Stephanie
    $800 29
Shania Twain

Stephanie
    $1000 20
Peugeot

Stephanie
    $1000 13
rations

Stephanie
    $1000 25
remorse

Stephanie
    $1000 7
Ghosts

Triple Stumper
    $1000 18
cholera

Stephanie
    $1000 30
Sugarland

Martha

Scores at the first commercial break (after clue 15):

Stephanie Martha Amanda
$4,200 $200 $1,400

Scores at the end of the Jeopardy! Round:

Stephanie Martha Amanda
$11,400 $1,600 $2,200

Double Jeopardy! Round responses

OVER MY DEAD BODY
THE SECRET OF "NYM"
THE TONY AWARDS
SCIENCE & NATURE
STATE GEMS
GOIN' COUNTRY
    $400 3
Frank Sinatra

Martha
    $400 13
a synonym

Martha
    $400 1
South Pacific

Stephanie
    $400 26
bacteria

Triple Stumper
    $400 2
aquamarine

Amanda
    $400 19
Australia

Martha
    $800 9
Florence Nightingale

Stephanie
    $800 14
antonyms

Stephanie
    $800 4
Angela Lansbury

Stephanie
    $800 27
the sapsucker

Stephanie
    $800 5
amethyst

Martha
    $800 20
(Martha: What is Argentina?)

Chile

StephanieMartha
    $2,000 10
Billy the Kid

Stephanie
    $1200 15
acronyms

Stephanie
    $1200 6
War Horse

Stephanie
    $1200 28
(Alex: There's a great one in Africa--it's called the Great [*].)

rift valley

Triple Stumper
    $1200 18
(Alex: You want to dig for it, 'cause it's the [*].)

diamond

Triple Stumper
    $1200 21
Haiti

Stephanie
    $1600 11
Casey Jones

Stephanie
    $1600 16
eponym

Martha
    $1600 7
Harvey Fierstein

Martha
    $1600 29
RNA

Stephanie
    $2,000 24
(Alex: [Looking at judges] Nnnn--they've changed--they're going to accept that.)
(Amanda: Yayyyy!)

petrified wood (petrified tree accepted)

Amanda
    $1600 22
Iceland

Stephanie
    $2000 12
(Auguste) Rodin

Stephanie
    $2000 17
a retronym

Triple Stumper
    $2000 8
Amanda Plummer

Martha
    $2000 30
(Martha: What are gills?)
(Stephanie: What are stoma?)

spiracles

StephanieMartha
Triple Stumper
    $2000 25
turquoise

Stephanie
    $2000 23
Laos

Amanda

Scores at the end of the Double Jeopardy! Round:

Stephanie Martha Amanda
$28,200 $6,000 $6,600
(lock game)

[wagering suggestions for these scores]

Final Jeopardy! Round responses

STORES
MarthaWhat is Home Depot Best Buy?
$6,000
AmandaWhat is ?
$4,000
StephanieWhat are Apple stores?
$2,370
Apple stores

Final scores:

Stephanie Martha Amanda
$30,570 $0 $2,600
2-day champion: $47,570 3rd place: $1,000 2nd place: $2,000

Game dynamics:

Coryat scores:

Stephanie Martha Amanda
$27,200 $6,000 $6,200
33 R
(including 2 DDs),
2 W
12 R,
3 W
7 R
(including 1 DD),
0 W

Combined Coryat: $39,400

[game clues] [game scores] [suggest correction]

Game tape date: 2012-08-01
The J! Archive is created by fans, for fans. Scraping, republication, monetization, and malicious use prohibited; this site may use cookies and collect identifying information. See terms. The Jeopardy! game show and all elements thereof, including but not limited to copyright and trademark thereto, are the property of Jeopardy Productions, Inc. and are protected under law. This website is not affiliated with, sponsored by, or operated by Jeopardy Productions, Inc. Join the discussion at JBoard.tv.